Nacen nuevas esperanzas para las enfermedades incurables / (Registro nro. 7552)

Detalles MARC
000 -LIDER
fixed length control field 00766nam a2200241 a 4500
001 - NÚMERO DE CONTROL
Identificador de número de control 000039520
003 - IDENTIFICACDOR DE NÚMERO DE CONTROL
control field DO-SdBNP
005 - DATE AND TIME OF LATEST TRANSACTION
control field 20180214100234.0
007 - CAMPOS FIJOS DE DESCRIPCIÓN FÍSICA
fixed length control field 000039520
008 - ELEMENTOS DE LONGITUD FIJA
fixed length control field 130704s1994 dr 000 0 spa d
040 ## - FUENTE DE CATALOGACIÓN
Agencia que crea de manera original el registro BPMET
Idioma de catalogación spa
Agencia que realiza la transcripción BPMET
092 ## - LOCALLY ASSIGNED DEWEY DECIMAL CALL NUMBER
Número de clasificación xxx
Número de ítem (Cutter) L435
100 1# - ASIENTO PRINCIPAL -- NOMBRE PERSONAL
Nombre personal Leal Espinosa, Fausto
245 10 - MENCIÓN DE TITULO
Título Nacen nuevas esperanzas para las enfermedades incurables /
Mención de responsabilidad Fausto Leal Espinosa ; prólogo Frank Bendek.
260 ## - PUBLICACIÓN, DISTRIBUCIÓN, ETC. (PIE DE IMPRENTA)
Lugar de publicación, distribución, etc Santo Domingo :
Nombre del editor, distribuidor, etc. JM Impresos,
Fecha de publicación, distribución, etc 1994.
300 ## - DESCRIPCIÓN FÍSICA
Extensión 115 p. ;
Otros detalles físicos 21 cm.
700 1# - ASIENTO SECUNDARIO -- NOMBRE PERSONAL
Nombre personal Bendek, Frank,
Mención de responsabilidad pról.
930 #1 - EQUIVALENCE OR CROSS-REFERENCE-UNIFORM TITLE HEADING [LOCAL, CANADA]
Language of a work BND01
Medium of performance for music LF1
Field link and sequence number 20130704
Date of a work 01
Name of part/section of a work CT
Miscellaneous information 37691
942 ## - ADDED ENTRY ELEMENTS (KOHA)
Source of classification or shelving scheme Dewey Decimal Classification
Koha item type Libros
945 ## - INFORMACIÓN DE PROCESAMIENTO LOCAL
Información de procesamiento local inventariado, 2018 / dg
956 ## - LOCAL ELECTRONIC LOCATION AND ACCESS (OCLC)
Nombre de host YLOCKWARD
Número de acceso 10
Información de compresión 20130704
Inicio de sesión BND01
Procesador de solicitud 1516
956 ## - LOCAL ELECTRONIC LOCATION AND ACCESS (OCLC)
Nombre de host VMATEO
Número de acceso 10
Información de compresión 20150712
Inicio de sesión BPMSU
Procesador de solicitud 00151
Existencias
Withdrawn status Lost status Source of classification or shelving scheme Damaged status Not for loan Home library Current library Date acquired Total Checkouts Barcode Date last seen Price effective from Koha item type
    Dewey Decimal Classification     Biblioteca Pública Metropolitana Salomé Ureña Biblioteca Pública Metropolitana Salomé Ureña 03/05/2015   BPMSU15040266 03/05/2015 03/05/2015 Libros